[Event "Goldmoney Asian Rapid"]
[Site "chess24.com INT"]
[Date "2021.06.28"]
[Round "14.2"]
[White "Baskaran Adhiban"]
[Black "Daniil Dubov"]
[Result "1/2-1/2"]
[EventDate "2021.06.26"]
[WhiteElo "2660"]
[BlackElo "2714"]
[PlyCount "186"]

1. Nf3 Nf6 2. b3 g6 3. Bb2 Bg7 4. g3 b6 5. Bg2 Bb7 6. c4 c5 7. d4 cxd4 8. Qxd4 d6 9. Nc3 Nbd7 10. O-O Rc8 11. Rad1 O-O 12. Qe3 a6 13. Nd4 Bxg2 14. Kxg2 Re8 15. Nd5 Rc5 16. Nxf6+ Bxf6 17. a4 Qa8+ 18. Kg1 Ne5 19. Ba3 Rc7 20. Rd2 h5 21. f4 Ng4 22. Qf3 b5 23. h3 Bxd4+ 24. Rxd4 Nf6 25. Qxa8 Rxa8 26. cxb5 axb5 27. Rc1 Rca7 28. Bb2 bxa4 29. Rxa4 Rxa4 30. bxa4 Ne4 31. Kg2 f5 32. Ra1 Ra5 33. Bd4 Kf7 34. Bb6 Ra6 35. a5 Ke6 36. Rc1 Nf6 37. Rc7 Ra8 38. Rb7 Nd5 39. Kf3 Rc8 40. Bd4 Rc4 41. e3 Ra4 42. Rb5 Kd7 43. Rb7+ Kc6 44. Rb8 Ra3 45. Rg8 e5 46. fxe5 dxe5 47. Rxg6+ Kb5 48. Rd6 e4+ 49. Kf2 Ra2+ 50. Kf1 Nb4 51. Rf6 Kc4 52. Rxf5 Nd5 53. Re5 Rxa5 54. Rxe4 Kd3 55. Re5 Nxe3+ 56. Rxe3+ Kxd4 57. Kf2 Rf5+ 58. Rf3 Ra5 59. g4 Ke4 60. Kg3 h4+ 61. Kg2 Ra2+ 62. Rf2 Ra3 63. Re2+ Kf4 64. Rf2+ Ke4 65. Kh2 Rb3 66. Rg2 Kf4 67. Rf2+ Ke4 68. Rf8 Rb2+ 69. Kg1 Rb3 70. Kg2 Rb2+ 71. Rf2 Rb3 72. Ra2 Rg3+ 73. Kh2 Rb3 74. Ra4+ Kf3 75. Ra2 Ke4 76. Rg2 Kf4 77. g5 Rb7 78. Rg4+ Kf5 79. Kg2 Rg7 80. Kf3 Rxg5 81. Rxg5+ Kxg5 82. Ke4 Kg6 83. Kf4 Kh5 84. Kf5 Kh6 85. Kg4 Kg6 86. Kxh4 Kh6 87. Kg4 Kg6 88. h4 Kh6 89. h5 Kg7 90. Kg5 Kh7 91. h6 Kg8 92. Kg6 Kh8 93. h7 1/2-1/2

[Event "Goldmoney Asian Rapid"]
[Site "chess24.com INT"]
[Date "2021.06.28"]
[Round "15.7"]
[White "Daniil Dubov"]
[Black "Ding Liren"]
[Result "1/2-1/2"]
[EventDate "2021.06.26"]
[WhiteElo "2714"]
[BlackElo "2799"]
[PlyCount "56"]

1. e4 e5 2. Nf3 Nc6 3. Nc3 Nf6 4. a3 d5 5. exd5 Nxd5 6. Nxe5 Nxc3 7. Nxc6 Nxd1 8. Nxd8 Nxf2 9. Kxf2 Kxd8 10. d4 Bf5 11. Bf4 Bd6 12. Bxd6 cxd6 13. c3 Re8 14. Be2 Rc8 15. Rhe1 Rc7 16. Bb5 Rxe1 17. Rxe1 Re7 18. Rxe7 Kxe7 19. Ke3 d5 20. Be2 g5 21. g3 h6 22. Bf3 Kd6 23. Bh5 f6 24. Bf3 b6 25. Bg2 Bg6 26. Bf3 Bf5 27. Bg2 Bg6 28. Bf3 Bf5 1/2-1/2

[Event "Goldmoney Asian Rapid"]
[Site "chess24.com INT"]
[Date "2021.06.27"]
[Round "6.4"]
[White "Daniil Dubov"]
[Black "Wesley So"]
[Result "1/2-1/2"]
[EventDate "2021.06.26"]
[WhiteElo "2714"]
[BlackElo "2770"]
[PlyCount "62"]

1. d4 d5 2. c4 dxc4 3. Nf3 Nf6 4. e3 e6 5. Bxc4 a6 6. O-O c5 7. a4 Nc6 8. Qe2 cxd4 9. Rd1 Be7 10. exd4 O-O 11. Nc3 Nb4 12. Ne5 Bd7 13. Bg5 Bc6 14. Nxc6 bxc6 15. a5 Qc7 16. Bh4 Rfd8 17. Na4 Qxa5 18. Bxe6 fxe6 19. Qxe6+ Kf8 20. Nc5 Qc7 21. Bxf6 gxf6 22. Ra3 Qc8 23. Qe3 Qf5 24. Ne6+ Kf7 25. Nxd8+ Rxd8 26. Qe2 Bf8 27. Rf3 Qc2 28. Rd2 Qb1+ 29. Rd1 Qc2 30. Rd2 Qb1+ 31. Rd1 Qc2 1/2-1/2

[Event "Goldmoney Asian Rapid"]
[Site "chess24.com INT"]
[Date "2021.06.27"]
[Round "7.6"]
[White "Peter Svidler"]
[Black "Daniil Dubov"]
[Result "1/2-1/2"]
[EventDate "2021.06.26"]
[WhiteElo "2714"]
[BlackElo "2714"]
[PlyCount "188"]

1. e4 c5 2. Nf3 Nc6 3. Bb5 d6 4. O-O Bd7 5. c3 a6 6. Ba4 Nf6 7. Re1 b5 8. Bc2 Bg4 9. h3 Bxf3 10. Qxf3 g6 11. a4 Rb8 12. axb5 axb5 13. d3 Bg7 14. Be3 O-O 15. d4 cxd4 16. cxd4 Nd7 17. e5 Nb4 18. Be4 d5 19. Bxd5 Nxe5 20. dxe5 Qxd5 21. Qxd5 Nxd5 22. Ba7 Rb7 23. Nc3 Nb4 24. Re4 Nc6 25. Bc5 Bxe5 26. Ra6 Bxc3 27. Rxc6 Bxb2 28. Rxe7 Rxe7 29. Bxe7 Re8 30. Rc7 Be5 31. Rd7 h5 32. g4 hxg4 33. hxg4 Rb8 34. Bb4 Bg7 35. Bd6 Rb6 36. Bb4 Rb8 37. Bd6 Rc8 38. Rb7 Rd8 39. Bb4 Rd5 40. Rb8+ Kh7 41. Rb7 Rg5 42. Kf1 Rxg4 43. Rxb5 Rc4 44. Bd2 Rc7 45. Bf4 Re7 46. Rc5 f6 47. Rc7 Re6 48. Kg2 g5 49. Bd2 Kg6 50. Bc3 Bh6 51. Bd4 f5 52. f3 Rd6 53. Be5 Rd2+ 54. Kf1 f4 55. Rc6+ Kh5 56. Rb6 Rd3 57. Kg2 Bf8 58. Rb8 Bc5 59. Rb5 Rd2+ 60. Kh3 Rc2 61. Ra5 Rc1 62. Ra1 Rc2 63. Ra5 Kg6 64. Ra6+ Kf5 65. Ba1 Be7 66. Ra5+ Kg6 67. Ra6+ Kf5 68. Ra5+ Ke6 69. Ra6+ Bd6 70. Bf6 Kxf6 71. Rxd6+ Kf5 72. Rd5+ Kg6 73. Ra5 Rf2 74. Ra3 Kh5 75. Rb3 Re2 76. Rb8 Rf2 77. Rb3 Kg6 78. Rb6+ Kf5 79. Rb5+ Kf6 80. Rb3 Re2 81. Ra3 Kf5 82. Ra5+ Re5 83. Ra3 Re1 84. Ra5+ Kg6 85. Kg2 Re2+ 86. Kh3 Re1 87. Kg2 Kh5 88. Ra8 Re2+ 89. Kh3 Kg6 90. Rg8+ Kf6 91. Rf8+ Kg7 92. Ra8 Rf2 93. Kg4 Rg2+ 94. Kf5 1/2-1/2

[Event "Goldmoney Asian Rapid"]
[Site "chess24.com INT"]
[Date "2021.06.27"]
[Round "8.3"]
[White "Daniil Dubov"]
[Black "A R Saleh Salem"]
[Result "0-1"]
[EventDate "2021.06.26"]
[WhiteElo "2714"]
[BlackElo "2682"]
[PlyCount "90"]

1. c4 c5 2. Nf3 Nf6 3. Nc3 d5 4. cxd5 Nxd5 5. Nxd5 Qxd5 6. b3 e5 7. Bb2 e4 8. Ne5 f6 9. Nc4 Nc6 10. Ne3 Qf7 11. g3 Be6 12. Bg2 f5 13. O-O O-O-O 14. Qc2 Kb8 15. Nc4 h5 16. Ne5 Nxe5 17. Bxe5+ Ka8 18. f3 exf3 19. Rxf3 h4 20. Rd3 Be7 21. Rf1 hxg3 22. hxg3 Qh5 23. Rxd8+ Rxd8 24. Kf2 Bd5 25. Bxd5 Rxd5 26. Qc4 Rxd2 27. Ke1 Rd8 28. Bc7 Rc8 29. Qe6 Qe8 30. Bd6 Bxd6 31. Qxd6 g6 32. Rf3 a6 33. Rd3 Ka7 34. Qf4 Qh8 35. Rd7 Qa1+ 36. Kf2 Rh8 37. Qc4 Rh2+ 38. Ke3 Qe5+ 39. Kd2 Rg2 40. a4 Rxg3 41. Rd5 Qe3+ 42. Kc2 Rg2 43. Rd2 f4 44. Kb1 f3 45. Rd7 Rg1+ 0-1

[Event "Goldmoney Asian Rapid"]
[Site "chess24.com INT"]
[Date "2021.06.27"]
[Round "9.7"]
[White "Magnus Carlsen"]
[Black "Daniil Dubov"]
[Result "1-0"]
[EventDate "2021.06.26"]
[WhiteElo "2847"]
[BlackElo "2714"]
[PlyCount "112"]

1. e4 e5 2. Nf3 Nc6 3. Bb5 Nf6 4. d3 Bc5 5. Bxc6 dxc6 6. Qe2 Qd6 7. a3 a5 8. Be3 Bxe3 9. Qxe3 O-O 10. Nbd2 Be6 11. Ng5 Bd7 12. Nc4 Qe7 13. Nf3 Ng4 14. Qd2 a4 15. h3 b5 16. hxg4 bxc4 17. Qc3 Rfe8 18. Qxc4 Bxg4 19. Qxc6 Rab8 20. Rb1 Bd7 21. Qxc7 Rbc8 22. Qa7 Rxc2 23. O-O Rec8 24. Nxe5 R2c7 25. Qd4 Bb5 26. Rfd1 Rd8 27. Qb6 Qxe5 28. d4 Qe7 29. Qxb5 Qxe4 30. Qxa4 h5 31. Re1 Qf5 32. Rbc1 Rcd7 33. Rc5 Qg4 34. Qd1 Rxd4 35. Qxg4 hxg4 36. Rec1 Kh7 37. b4 Ra8 38. R5c3 Rd2 39. Rb3 Ra2 40. b5 Re8 41. b6 g3 42. Rxg3 Rb2 43. Rc7 Rxb6 44. Rxf7 Re1+ 45. Kh2 Rh6+ 46. Rh3 Ra1 47. Ra7 Ra2 48. f3 Rxh3+ 49. Kxh3 Kh6 50. g3 g6 51. Kg4 Rc2 52. a4 Rc4+ 53. f4 Rc3 54. a5 Rc5 55. a6 g5 56. Ra8 1-0

[Event "Goldmoney Asian Rapid"]
[Site "chess24.com INT"]
[Date "2021.06.27"]
[Round "10.2"]
[White "Daniil Dubov"]
[Black "Anish Giri"]
[Result "0-1"]
[EventDate "2021.06.26"]
[WhiteElo "2714"]
[BlackElo "2780"]
[PlyCount "62"]

1. f4 d5 2. Nf3 Nf6 3. g3 g6 4. Bg2 Bg7 5. O-O O-O 6. d3 b6 7. c4 Bb7 8. Ne5 e6 9. Nc3 c5 10. e4 dxe4 11. dxe4 Nfd7 12. Nf3 Bxc3 13. bxc3 Bxe4 14. Qe2 Nf6 15. Ne5 Bxg2 16. Qxg2 Nbd7 17. Nc6 Qc7 18. f5 Ne5 19. Nxe5 Qxe5 20. fxg6 hxg6 21. Bh6 Qxc3 22. Rad1 Ng4 23. Rf3 Qe5 24. Bxf8 Rxf8 25. h3 Nf6 26. g4 g5 27. Kh1 Kg7 28. Rdf1 Ne8 29. Qd2 Nd6 30. h4 Ne4 31. Qe2 Ng3+ 0-1

[Event "Goldmoney Asian Rapid"]
[Site "chess24.com INT"]
[Date "2021.06.26"]
[Round "1.3"]
[White "D Gukesh"]
[Black "Daniil Dubov"]
[Result "0-1"]
[EventDate "2021.06.26"]
[WhiteElo "2578"]
[BlackElo "2714"]
[PlyCount "108"]

1. d4 e6 2. c4 c5 3. d5 exd5 4. cxd5 d6 5. e4 g6 6. Nf3 a6 7. Bd3 Bg7 8. O-O Bg4 9. Nbd2 Nd7 10. h3 Bxf3 11. Nxf3 Ne5 12. Nxe5 Bxe5 13. Be3 b5 14. a4 c4 15. Be2 Nf6 16. f4 Bxb2 17. Bd4 c3 18. axb5 Bxa1 19. Qxa1 O-O 20. Bf3 axb5 21. Qxc3 Nd7 22. e5 Qa5 23. Qc6 dxe5 24. fxe5 Qa4 25. Rd1 Rad8 26. e6 fxe6 27. Qxe6+ Rf7 28. d6 Qc2 29. Re1 Qf5 30. Qa2 Qf4 31. Bf2 Kg7 32. Bd5 Qxf2+ 33. Qxf2 Rxf2 34. Kxf2 Nc5 35. Re7+ Kf6 36. Rc7 Nd3+ 37. Ke3 Rxd6 38. Bb3 Ne5 39. Ke4 Nd7 40. Bd5 b4 41. Rc1 Kg5 42. Bb3 Rd2 43. g3 Nf6+ 44. Ke3 Rb2 45. Be6 Nh5 46. g4 Ng3 47. Kf3 Ne2 48. Rc5+ Kh4 49. Ke3 Ng1 50. Kd3 Nxh3 51. Bg8 h6 52. Ke3 Nf2 53. Be6 Nxg4+ 54. Kd3 h5 0-1

[Event "Goldmoney Asian Rapid"]
[Site "chess24.com INT"]
[Date "2021.06.26"]
[Round "3.4"]
[White "Vidit Santosh Gujrathi"]
[Black "Daniil Dubov"]
[Result "0-1"]
[EventDate "2021.06.26"]
[WhiteElo "2726"]
[BlackElo "2714"]
[PlyCount "126"]

1. d4 Nf6 2. c4 e6 3. Nc3 Bb4 4. Qc2 d5 5. cxd5 Qxd5 6. e3 O-O 7. Bd2 Bxc3 8. Bxc3 b6 9. Be2 Qd8 10. Nf3 Ba6 11. O-O Bxe2 12. Qxe2 Qd5 13. Nd2 Nbd7 14. e4 Qb7 15. b4 Rfd8 16. f3 Nf8 17. Rfc1 Ng6 18. Qe3 Rd7 19. a4 Rad8 20. Nb3 h5 21. Be1 h4 22. Ra2 c6 23. Rac2 e5 24. Bc3 Nf4 25. b5 h3 26. gxh3 N6h5 27. Kh1 exd4 28. Nxd4 c5 29. Nf5 Rd1+ 30. Be1 g6 31. Ng3 R8d3 32. Qf2 Nxh3 33. Qf1 Rxc1 34. Rxc1 N5f4 35. Ne2 Nxe2 36. Qxe2 Qd7 37. Bg3 Qd4 38. Rf1 Rd2 39. Qe1 c4 40. e5 Ng5 41. e6 Nxe6 42. Qe5 Qxe5 43. Bxe5 Nc5 44. Ra1 Nd3 45. Bf6 Kh7 46. a5 Nf2+ 47. Kg1 Nh3+ 48. Kh1 g5 49. axb6 axb6 50. Rc1 Kg6 51. Bc3 Rd5 52. Bb4 Nf4 53. h4 Rd4 54. hxg5 Nd3 55. Rb1 Nxb4 56. Rxb4 Kxg5 57. Kg2 Kf4 58. Kf2 Ke5 59. Ke3 Rd3+ 60. Ke2 Kd4 61. Ra4 Re3+ 62. Kf2 Re7 63. Ra8 Kc5 0-1

[Event "Goldmoney Asian Rapid"]
[Site "chess24.com INT"]
[Date "2021.06.26"]
[Round "4.5"]
[White "Daniil Dubov"]
[Black "Alireza Firouzja"]
[Result "1/2-1/2"]
[EventDate "2021.06.26"]
[WhiteElo "2714"]
[BlackElo "2759"]
[PlyCount "90"]

1. c4 e6 2. Nf3 d5 3. d4 Nf6 4. Nc3 Nbd7 5. Bg5 h6 6. Bh4 Be7 7. cxd5 Nxd5 8. Bxe7 Qxe7 9. Rc1 Nxc3 10. Rxc3 c6 11. e3 O-O 12. Be2 e5 13. O-O exd4 14. Nxd4 Nf6 15. Bf3 Be6 16. Nxe6 Qxe6 17. Qb3 Qxb3 18. Rxb3 Rab8 19. Rd1 Rfe8 20. h4 Kf8 21. Rd4 Rec8 22. g4 Rc7 23. g5 hxg5 24. hxg5 Nd7 25. Bg4 Ne5 26. Be2 Rd7 27. Ra4 b6 28. f4 Ng6 29. Rd3 Rbd8 30. Rxd7 Rxd7 31. Kf2 Ne7 32. Bg4 Rd2+ 33. Kf3 f5 34. gxf6 gxf6 35. Be6 a5 36. b4 axb4 37. Rxb4 b5 38. a4 Nd5 39. Bxd5 Rxd5 40. axb5 cxb5 41. Ke4 Rh5 42. Rb1 Ke7 43. f5 b4 44. Kd4 Rxf5 45. Rxb4 Re5 1/2-1/2

[Event "Goldmoney Asian Rapid"]
[Site "chess24.com INT"]
[Date "2021.06.26"]
[Round "5.5"]
[White "Yifan Hou"]
[Black "Daniil Dubov"]
[Result "0-1"]
[EventDate "2021.06.26"]
[WhiteElo "2658"]
[BlackElo "2714"]
[PlyCount "92"]

1. e4 e5 2. Nf3 Nf6 3. Nxe5 Nc6 4. Nf3 Nxe4 5. d3 Nf6 6. d4 d5 7. Bd3 Bd6 8. O-O O-O 9. c3 Ne4 10. c4 Nb4 11. Be2 Bf5 12. a3 Nc6 13. Nc3 dxc4 14. Bxc4 h6 15. Bd3 Nxc3 16. bxc3 Qf6 17. Rb1 b6 18. Rb5 Bxd3 19. Qxd3 Rad8 20. a4 Rfe8 21. Be3 Ne7 22. h3 c5 23. a5 Nd5 24. axb6 axb6 25. Bd2 Nc7 26. Rbb1 b5 27. Rfe1 c4 28. Qc2 Qg6 29. Qxg6 fxg6 30. Rxe8+ Rxe8 31. Kf1 Kf7 32. d5 Rb8 33. Nd4 Rb7 34. Be3 Ke8 35. Nc6 Nxd5 36. Bd4 Kd7 37. Na5 Rb8 38. Ba7 Nxc3 39. Rc1 Ra8 40. Bd4 Na2 41. Nxc4 bxc4 42. Rxc4 Bf8 43. Be5 Ke6 44. f4 Nb4 45. Bxg7 Nd5 46. Bxf8 Ne3+ 0-1

[Event "FTX Crypto Cup"]
[Site "chess24.com INT"]
[Date "2021.05.25"]
[Round "11.7"]
[White "Daniil Dubov"]
[Black "Alireza Firouzja"]
[Result "0-1"]
[EventDate "2021.05.23"]
[WhiteElo "2710"]
[BlackElo "2759"]
[PlyCount "102"]

1. d4 Nf6 2. c4 g6 3. Nc3 Bg7 4. Nf3 O-O 5. Bg5 c5 6. d5 h6 7. Bh4 d6 8. Nd2 e5 9. e3 Re8 10. Bd3 Qb6 11. O-O a6 12. Qc2 Nh7 13. f4 f5 14. g4 e4 15. Be2 fxg4 16. Ncxe4 Bf5 17. Bd3 Nd7 18. Rab1 Ndf8 19. Kh1 Qc7 20. Rbe1 b5 21. Rg1 h5 22. b3 b4 23. Nf2 Qf7 24. h3 Bxd3 25. Qxd3 g5 26. hxg4 gxh4 27. g5 Ng6 28. Nde4 Rad8 29. Nf6+ Kh8 30. Nxe8 Rxe8 31. Re2 Nhf8 32. Kh2 Ne5 33. fxe5 Qf3 34. Rg2 Bxe5+ 35. Kg1 h3 36. Nxh3 Qxh3 37. Qc2 Kg7 38. Ref2 Qxe3 39. Qf5 Qe1+ 40. Rf1 Bd4+ 41. Kh1 Qh4+ 42. Rh2 Qe4+ 43. Qxe4 Rxe4 44. Rxh5 Ng6 45. Rh2 Be5 46. Rhf2 Nf4 47. Rf3 Kg6 48. Rg1 Ne2 49. Rd1 Rh4+ 50. Kg2 Rh2+ 51. Kf1 Ng3+ 0-1

[Event "FTX Crypto Cup"]
[Site "chess24.com INT"]
[Date "2021.05.25"]
[Round "12.3"]
[White "Peter Svidler"]
[Black "Daniil Dubov"]
[Result "1/2-1/2"]
[EventDate "2021.05.23"]
[WhiteElo "2714"]
[BlackElo "2710"]
[PlyCount "62"]

1. e4 c5 2. Nf3 Nc6 3. Bb5 e5 4. O-O Nge7 5. Bc4 d5 6. exd5 Nxd5 7. Re1 f6 8. d4 cxd4 9. Nxd4 Nxd4 10. Qxd4 Be6 11. Qh4 Qb6 12. Bxd5 Bxd5 13. Nc3 Bf7 14. Be3 Qc6 15. f4 Be7 16. Bf2 O-O 17. fxe5 Rae8 18. Qe4 Qa6 19. e6 Bg6 20. Qe2 Qc6 21. Qb5 Bxc2 22. Qxc6 bxc6 23. Bxa7 Bf5 24. a3 Ra8 25. Bf2 Rfe8 26. Re2 Bd6 27. Rae1 Be5 28. Bg3 Bd4+ 29. Bf2 Be5 30. Bg3 Bd4+ 31. Bf2 Be5 1/2-1/2

[Event "FTX Crypto Cup"]
[Site "chess24.com INT"]
[Date "2021.05.25"]
[Round "15.5"]
[White "Daniil Dubov"]
[Black "Shakhriyar Mamedyarov"]
[Result "1-0"]
[EventDate "2021.05.23"]
[WhiteElo "2710"]
[BlackElo "2770"]
[PlyCount "85"]

1. Nf3 Nf6 2. g3 g6 3. d4 Bg7 4. Bg2 O-O 5. O-O d5 6. c4 c6 7. cxd5 cxd5 8. Ne5 Ng4 9. Nxg4 Bxg4 10. Nc3 Nc6 11. h3 Bd7 12. e4 dxe4 13. d5 Ne5 14. Nxe4 Bb5 15. Re1 Nd3 16. Re3 Nxc1 17. Rxc1 Bh6 18. f4 Qb6 19. Qd2 Rac8 20. Kh2 Rxc1 21. Qxc1 Qd8 22. Qc5 a6 23. Nc3 Qd6 24. Qxd6 exd6 25. Nxb5 axb5 26. Rb3 Ra8 27. a3 Ra5 28. Bf1 Bg7 29. Bxb5 Bd4 30. Kg2 h5 31. Kf3 Kg7 32. g4 hxg4+ 33. hxg4 Ra8 34. Bd7 b6 35. Rb4 Bg1 36. Re4 Ra7 37. Bc6 f5 38. Re2 fxg4+ 39. Kxg4 Bd4 40. a4 Kf7 41. Be8+ Kf8 42. b3 Kg7 43. Re6 1-0

[Event "FTX Crypto Cup"]
[Site "chess24.com INT"]
[Date "2021.05.24"]
[Round "6.2"]
[White "Daniil Dubov"]
[Black "Ding Liren"]
[Result "1/2-1/2"]
[EventDate "2021.05.23"]
[WhiteElo "2710"]
[BlackElo "2799"]
[PlyCount "74"]

1. d4 Nf6 2. c4 e6 3. Nf3 d5 4. g3 Bb4+ 5. Nbd2 dxc4 6. Bg2 b5 7. Ne5 Qxd4 8. Nc6 Nxc6 9. Bxc6+ Bd7 10. Bxa8 c6 11. O-O O-O 12. Bb7 Qb6 13. Ne4 Qxb7 14. Nxf6+ gxf6 15. Bh6 Rd8 16. Qd4 e5 17. Qh4 Be7 18. Rad1 Qc8 19. f4 e4 20. g4 Be6 21. f5 Rxd1 22. Rxd1 Bd5 23. Be3 a5 24. Kf2 b4 25. Rg1 c3 26. bxc3 bxc3 27. Bd4 c2 28. Bxf6 Bxf6 29. Qxf6 Qb8 30. Qg5+ Kh8 31. Rg3 Qb6+ 32. Kg2 e3+ 33. Kh3 Qc5 34. Qd8+ Kg7 35. Qg5+ Kh8 36. Qd8+ Kg7 37. Qg5+ Kh8 1/2-1/2

[Event "FTX Crypto Cup"]
[Site "chess24.com INT"]
[Date "2021.05.24"]
[Round "7.8"]
[White "Alexander Grischuk"]
[Black "Daniil Dubov"]
[Result "1/2-1/2"]
[EventDate "2021.05.23"]
[WhiteElo "2776"]
[BlackElo "2710"]
[PlyCount "88"]

1. e4 c5 2. Nf3 d6 3. Bb5+ Bd7 4. Bxd7+ Nxd7 5. O-O Ngf6 6. Qe2 e6 7. d4 cxd4 8. Nxd4 Rc8 9. c4 Qc7 10. b3 Be7 11. Nc3 O-O 12. Bb2 Rfe8 13. Rad1 a6 14. f4 Bf8 15. Nf3 e5 16. fxe5 dxe5 17. Kh1 Qc6 18. Nd5 b5 19. Nd2 Nxd5 20. exd5 Qg6 21. Ba1 e4 22. Rf4 e3 23. Nf1 bxc4 24. bxc4 Ne5 25. h3 Bd6 26. Nxe3 Qg3 27. Qf2 Qxf2 28. Rxf2 Nxc4 29. Nf5 Bf8 30. d6 Nxd6 31. Nxd6 Bxd6 32. Rxd6 Rc1+ 33. Kh2 Rxa1 34. Rxa6 h5 35. Ra7 f6 36. Rc2 Re5 37. Rc3 Rg5 38. Rg3 Rxg3 39. Kxg3 Kh7 40. h4 Kg6 41. Ra5 Kf7 42. Ra7+ Kg6 43. Ra5 Kf7 44. Ra7+ Kg6 1/2-1/2

[Event "FTX Crypto Cup"]
[Site "chess24.com INT"]
[Date "2021.05.24"]
[Round "8.1"]
[White "Levon Aronian"]
[Black "Daniil Dubov"]
[Result "1/2-1/2"]
[EventDate "2021.05.23"]
[WhiteElo "2781"]
[BlackElo "2710"]
[PlyCount "81"]

1. d4 Nf6 2. c4 g6 3. g3 c6 4. Bg2 d5 5. Nf3 Bg7 6. O-O O-O 7. Qb3 dxc4 8. Qxc4 b5 9. Qc2 Bf5 10. Qd1 c5 11. Nc3 Nc6 12. Nh4 Bd7 13. dxc5 b4 14. Ne4 Nxe4 15. Bxe4 Rc8 16. Nf3 Bh3 17. Re1 Qxd1 18. Rxd1 Rfd8 19. Rd3 Rxd3 20. Bxd3 Ne5 21. Nxe5 Bxe5 22. a3 b3 23. Bc4 Rxc5 24. Bxb3 Rc7 25. Bh6 Bxb2 26. Rd1 Rc8 27. a4 Bg7 28. Be3 a6 29. f3 h5 30. Kf2 Bf6 31. a5 Kg7 32. Bd5 Rc2 33. Rb1 Bf5 34. Rc1 Rxc1 35. Bxc1 Bc3 36. Bb7 Bxa5 37. Bxa6 Bc3 38. Bc4 Bd7 39. h4 Be5 40. Be3 Bc6 41. Bc5 1/2-1/2

[Event "FTX Crypto Cup"]
[Site "chess24.com INT"]
[Date "2021.05.24"]
[Round "9.8"]
[White "Daniil Dubov"]
[Black "Magnus Carlsen"]
[Result "0-1"]
[EventDate "2021.05.23"]
[WhiteElo "2710"]
[BlackElo "2847"]
[PlyCount "82"]

1. d4 d5 2. c4 c5 3. Nf3 cxd4 4. cxd5 Nf6 5. Nxd4 Qxd5 6. Nc3 Qa5 7. e4 Bd7 8. Bd2 Nc6 9. Ndb5 Rc8 10. Rc1 e5 11. Bc4 a6 12. Nd5 Qd8 13. Nbc3 Nd4 14. Bb3 Nxd5 15. Bxd5 Bc6 16. O-O Bc5 17. Qg4 O-O 18. Kh1 Bxd5 19. Nxd5 f5 20. Qg5 fxe4 21. Qxe5 Rf5 22. Qxd4 Bxd4 23. Rxc8 Rxd5 24. Rxd8+ Rxd8 25. g3 Bxb2 26. Bf4 b5 27. Re1 Rd4 28. Kg2 Rc4 29. Rd1 Bf6 30. Rd2 Kf7 31. g4 Bd4 32. Re2 Bc5 33. Rd2 Ke6 34. h4 a5 35. h5 a4 36. h6 gxh6 37. Bxh6 b4 38. Bf4 b3 39. axb3 axb3 40. Rb2 Rc3 41. Rb1 Kd5 0-1

[Event "FTX Crypto Cup"]
[Site "chess24.com INT"]
[Date "2021.05.23"]
[Round "1.5"]
[White "Ian Nepomniachtchi"]
[Black "Daniil Dubov"]
[Result "1-0"]
[EventDate "2021.05.23"]
[WhiteElo "2792"]
[BlackElo "2710"]
[PlyCount "95"]

1. d4 Nf6 2. Nc3 d5 3. Bf4 g6 4. Nb5 Na6 5. e3 Bg7 6. Nf3 O-O 7. h3 Ne4 8. c3 c6 9. Na3 Nb8 10. Be2 Bf5 11. O-O Nd7 12. c4 Nb6 13. Rc1 c5 14. Be5 Bxe5 15. dxe5 dxc4 16. Nxc4 Qxd1 17. Rfxd1 Na4 18. g4 Be6 19. Bd3 Bxc4 20. Bxc4 Rad8 21. Rxd8 Rxd8 22. Rc2 Nb6 23. Kg2 Kg7 24. Be2 Rd5 25. a3 a5 26. Bc4 Rd1 27. Be2 Rd5 28. Kf1 e6 29. Ke1 Kf8 30. Bf1 Rd7 31. Ng1 c4 32. Bxc4 Nc5 33. Be2 Nd3+ 34. Bxd3 Rxd3 35. Nf3 Rd7 36. Nd4 g5 37. Ke2 h6 38. Nb5 Ke7 39. Nd6 f6 40. f4 gxf4 41. exf4 Nd5 42. Kf3 fxe5 43. fxe5 a4 44. Rc8 Rd8 45. Rxd8 Kxd8 46. Nxb7+ Ke7 47. Nc5 Nb6 48. Ke4 1-0

[Event "FTX Crypto Cup"]
[Site "chess24.com INT"]
[Date "2021.05.23"]
[Round "2.4"]
[White "Daniil Dubov"]
[Black "Wesley So"]
[Result "0-1"]
[EventDate "2021.05.23"]
[WhiteElo "2710"]
[BlackElo "2770"]
[PlyCount "62"]

1. d4 Nf6 2. c4 e6 3. Nf3 d5 4. g3 Be7 5. Bg2 O-O 6. Qc2 c5 7. dxc5 d4 8. b4 a5 9. b5 Bxc5 10. Nbd2 Nbd7 11. Nb3 e5 12. O-O Re8 13. Nxc5 Nxc5 14. Ba3 Qc7 15. Rab1 Bd7 16. Nd2 Rab8 17. b6 Qc8 18. Bxc5 Qxc5 19. Ne4 Nxe4 20. Bxe4 g6 21. Bd5 Bf5 22. Qd2 Bxb1 23. Rxb1 Rbd8 24. e4 Rd6 25. Rb5 Rxd5 26. exd5 Qxc4 27. Rxa5 d3 28. h4 h5 29. Kg2 Rc8 30. Qg5 Qb4 31. d6 Qxa5 0-1

[Event "FTX Crypto Cup"]
[Site "chess24.com INT"]
[Date "2021.05.23"]
[Round "3.6"]
[White "Maxime Vachier-Lagrave"]
[Black "Daniil Dubov"]
[Result "1/2-1/2"]
[EventDate "2021.05.23"]
[WhiteElo "2760"]
[BlackElo "2710"]
[PlyCount "81"]

1. e4 c5 2. Nf3 Nc6 3. c3 d5 4. exd5 Qxd5 5. d4 cxd4 6. cxd4 e5 7. Nc3 Bb4 8. Bd2 Bxc3 9. Bxc3 e4 10. Ne5 Nxe5 11. dxe5 Ne7 12. Qa4+ Bd7 13. Qb4 a5 14. Qd6 Bc6 15. Be2 Qe6 16. O-O O-O 17. Rfd1 Nd5 18. Qxe6 fxe6 19. Bd2 Rf5 20. Rac1 Rxe5 21. Rc5 a4 22. Re1 Rf8 23. Bg4 h5 24. Bh3 e3 25. fxe3 g5 26. g3 Nf4 27. Bxe6+ Rxe6 28. exf4 Rxe1+ 29. Bxe1 gxf4 30. Rxh5 fxg3 31. hxg3 Rf3 32. a3 Kf7 33. Rc5 Kg6 34. Rc2 Be4 35. Rc5 Bc6 36. Bf2 Rb3 37. Rc2 Rd3 38. Kf1 Kf5 39. Be1 Ke4 40. Rc3 Rxc3 41. Bxc3 1/2-1/2

[Event "FTX Crypto Cup"]
[Site "chess24.com INT"]
[Date "2021.05.23"]
[Round "4.3"]
[White "Daniil Dubov"]
[Black "Alan Pichot"]
[Result "1-0"]
[EventDate "2021.05.23"]
[WhiteElo "2710"]
[BlackElo "2630"]
[PlyCount "167"]

1. c4 Nf6 2. Nc3 e6 3. e4 c5 4. e5 Ng8 5. d4 cxd4 6. Qxd4 Nc6 7. Qf4 d6 8. Nf3 Nh6 9. Bd2 dxe5 10. Nxe5 Bd6 11. Nxc6 Bxf4 12. Nxd8 Bxd2+ 13. Kxd2 Kxd8 14. Bd3 Ke7 15. Rhe1 Rd8 16. Kc2 Ng4 17. f3 Nf6 18. b4 b6 19. Rad1 Bb7 20. Bf1 g5 21. h3 h6 22. Rxd8 Rxd8 23. Nb5 a6 24. Nc3 Rd4 25. Na4 Nd7 26. Kc3 Rf4 27. Nb2 h5 28. Nd3 Rf5 29. Be2 Kd6 30. Rd1 Kc7 31. Kd4 Rf6 32. Ke3 h4 33. Rc1 Rf5 34. a3 Ne5 35. Nf2 Nd7 36. Bd3 Rf4 37. Be4 Bxe4 38. Nxe4 Rf5 39. Kd4 Nf6 40. Nxf6 Rxf6 41. Re1 Kd6 42. Kc3 Rf5 43. Rd1+ Kc7 44. Kd4 Rf4+ 45. Kd3 Rf5 46. Ke3 Re5+ 47. Kf2 Rf5 48. Rd4 a5 49. Ke3 Re5+ 50. Kd2 Rf5 51. Ke3 Re5+ 52. Kd2 Rf5 53. Kd3 Re5 54. f4 Rf5 55. fxg5 Rxg5 56. Rg4 Rh5 57. Rf4 Rh7 58. Rg4 Kd6 59. Rg5 axb4 60. axb4 f6 61. Rg8 Ra7 62. Rb8 Kc7 63. Rf8 Ra2 64. Rxf6 Rxg2 65. Rxe6 Rg3+ 66. Re3 Rg1 67. Kd4 Rd1+ 68. Ke5 Rh1 69. b5 Kd7 70. Rd3+ Ke7 71. Kf5 Rh2 72. Re3+ Kd6 73. Kg4 Rg2+ 74. Kxh4 Kc5 75. Re4 Rg1 76. Kh5 Rg2 77. h4 Rg8 78. Kh6 Rg1 79. h5 Rg2 80. Kh7 Rg3 81. h6 Rg2 82. Kh8 Rg6 83. h7 Rg5 84. Re6 1-0

[Event "FTX Crypto Cup"]
[Site "chess24.com INT"]
[Date "2021.05.23"]
[Round "5.7"]
[White "Anish Giri"]
[Black "Daniil Dubov"]
[Result "1/2-1/2"]
[EventDate "2021.05.23"]
[WhiteElo "2780"]
[BlackElo "2710"]
[PlyCount "105"]

1. e4 e5 2. Nf3 Nc6 3. Bc4 Nf6 4. d3 Be7 5. O-O O-O 6. Nc3 d6 7. a3 h6 8. Re1 Re8 9. h3 Bf8 10. Nd5 Nxd5 11. Bxd5 Ne7 12. Bb3 Ng6 13. Be3 Qf6 14. Nh2 Be6 15. Bxe6 Qxe6 16. Qg4 a5 17. Qxe6 Rxe6 18. a4 Ne7 19. f4 exf4 20. Bxf4 f5 21. exf5 Rxe1+ 22. Rxe1 Nxf5 23. Nf3 Kf7 24. Bd2 b6 25. g4 Ne7 26. Nd4 Ng6 27. Rf1+ Kg8 28. Ne6 Rc8 29. Bc3 c5 30. b3 d5 31. Rf5 d4 32. Nxf8 Rxf8 33. Rxf8+ Kxf8 34. Bd2 Ke7 35. Kf2 Ke6 36. Kg3 Ne5 37. h4 Nc6 38. h5 Ne7 39. g5 hxg5 40. Bxg5 Nd5 41. Kf3 Ke5 42. Bh4 Ke6 43. Bg3 Kf5 44. Bh4 Nf6 45. Kf2 g5 46. hxg6 Kxg6 47. Bxf6 Kxf6 48. Ke2 Kg5 49. Kf3 Kf5 50. Kg3 Kg5 51. Kf3 Kf5 52. Kg3 Kg5 53. Kf3 1/2-1/2